[Event "TCh-ESP Div Honor 2016"]
[White "Vallejo Pons, Francisco"]
[Black "Forcen Esteban, Daniel"]
[Site "Monzon ESP"]
[Result "1-0"]
[Date "2016.09.29"]
[WhiteElo "2716"]
[BlackElo "2540"]
[PlyCount "133"]

1. d4 Nf6 2. c4 g6 3. Nc3 Bg7 4. e4 d6 5. h3 0-0 6. Bg5 c5 7. d5 b5 8. cxb5 Qa5 9. Bd2 Qb4 10. a3 Qa5 11. a4 a6 12. Bd3 Qc7 13. Nf3 e6 14. dxe6 fxe6 15. 0-0 Nh5 16. Bc4 Kh8 17. Ng5 Qe7 18. Qb3 Re8 19. Rad1 h6 20. Nf3 Nd7 21. Be3 Nb6 22. Be2 axb5 23. Qxb5 Nxa4 24. Nxa4 Ba6 25. Qxa6 Rxa6 26. Bxa6 Ra8 27. e5 Rxa6 28. exd6 Qd8 29. Nxc5 Rxd6 30. Nb7 Rxd1 31. Nxd8 Rxd8 32. b4 Rb8 33. Rb1 Nf6 34. Ne5 Kh7 35. b5 Nd5 36. Nc6 Rc8 37. Rb3 g5 38. g3 Kg6 39. Ra3 Bf6 40. Rb3 h5 41. Kg2 g4 42. hxg4 hxg4 43. Bf4 Nb6 44. Bd6 Kf5 45. Rb4 Nd5 46. b6 Rxc6 47. b7 Nxb4 48. b8=Q Nd5 49. Qb1+ Kg5 50. Ba3 Bd4 51. Qe4 Ba1 52. Qa4 Rc3 53. Bd6 Bb2 54. Qe4 Rf3 55. Qxe6 Nf6 56. Be7 Bc3 57. Qg8+ Kf5 58. Qc8+ Kg5 59. Qe6 Kh5 60. Qf7+ Kg5 61. Qg7+ Kf5 62. Bxf6 Bxf6 63. Qh7+ Kg5 64. Qh4+ Kf5 65. Qh5+ Bg5 66. Qh7+ Kf6 67. Qe4 1-0

[Event "TCh-ESP Div Honor 2016"]
[White "Del Rio De Angelis, Salvador G."]
[Black "Fontana Sotomayor, Luis Javier"]
[Site "Monzon ESP"]
[Result "1-0"]
[Date "2016.09.29"]
[WhiteElo "2516"]
[BlackElo "2259"]
[PlyCount "171"]

1. d4 d5 2. c4 c6 3. Nc3 Nf6 4. Nf3 g6 5. cxd5 cxd5 6. Bf4 Bg7 7. e3 0-0 8. Bd3 Nc6 9. h3 b6 10. 0-0 Bb7 11. Rc1 Rc8 12. Re1 a6 13. Na4 Nd7 14. Bf1 b5 15. Nc5 Nxc5 16. Rxc5 e6 17. Qd2 Re8 18. Rec1 Bf8 19. R5c2 f6 20. Bg3 Bb4 21. Qd1 Ba5 22. Nd2 Qe7 23. a3 Bb6 24. b4 Na7 25. Nb3 Rxc2 26. Rxc2 Rc8 27. Nc5 Bxc5 28. bxc5 e5 29. Qd2 Nc6 30. dxe5 Nxe5 31. a4 Rxc5 32. Qb4 Rc7 33. Qxe7 Rxe7 34. axb5 axb5 35. Bxb5 Kf7 36. Be2 h5 37. Kh2 Kg7 38. Rc5 Kf7 39. Bd1 Rd7 40. Ba4 Re7 41. Bb3 Nc4 42. Bxc4 dxc4 43. Rxc4 g5 44. Bd6 Rd7 45. Bb4 h4 46. Bc3 Bd5 47. Rc5 Bb7 48. Rb5 Bd5 49. Bd4 Be6 50. g3 hxg3+ 51. Kxg3 Rc7 52. h4 gxh4+ 53. Kxh4 Rd7 54. Kg3 Rd5 55. Rb7+ Rd7 56. Rb6 Rd5 57. f3 Rg5+ 58. Kf4 Rd5 59. Rb7+ Rd7 60. Rb4 Rd6 61. e4 Rd7 62. Bb2 Rd3 63. Bd4 Rb3 64. Ra4 Rd3 65. Ra7+ Kg6 66. Bc5 Rd7 67. Ra3 Rb7 68. Ra6 Kf7 69. Ra5 Kg6 70. Bd4 Rb4 71. Ba1 Rb6 72. Rc5 Rb7 73. Bc3 Ra7 74. Rc6 Kf7 75. Ke3 Rd7 76. f4 Re7 77. f5 Bd5 78. Rxf6+ Ke8 79. e5 Rc7 80. Kd4 Bb3 81. Rb6 Bc2 82. Rb8+ Kf7 83. e6+ Kf6 84. Rf8+ Kg7 85. Bb4 Bb3 86. Bc5 1-0

[Event "TCh-ESP Div Honor 2016"]
[White "Bacrot, Etienne"]
[Black "Harikrishna, Pentala"]
[Site "Monzon ESP"]
[Result "1/2-1/2"]
[Date "2016.09.29"]
[WhiteElo "2692"]
[BlackElo "2752"]
[PlyCount "96"]

1. e4 e5 2. Nf3 Nc6 3. Bb5 Nf6 4. 0-0 Nxe4 5. d4 Nd6 6. Bxc6 dxc6 7. dxe5 Nf5 8. Qxd8+ Kxd8 9. h3 Be7 10. Nc3 Nh4 11. Nxh4 Bxh4 12. Be3 h5 13. Rad1+ Ke8 14. Ne2 Bd7 15. f3 Rd8 16. g4 Be7 17. Kg2 a5 18. b3 a4 19. Ng3 hxg4 20. hxg4 c5 21. Nh5 Rg8 22. Rh1 Kf8 23. Nf4 Bc6 24. Rxd8+ Bxd8 25. Bxc5+ Be7 26. Bxe7+ Kxe7 27. Kf2 axb3 28. axb3 Ra8 29. Ke3 Ra2 30. Rc1 g5 31. Nd3 Ke6 32. f4 gxf4+ 33. Kxf4 Ra8 34. Rf1 Rh8 35. Ke3 Rh3+ 36. Kd4 Rg3 37. Rf4 Bf3 38. Nf2 b6 39. b4 Be2 40. Rf6+ Ke7 41. Rc6 Kd7 42. Rf6 Ke7 43. Rf4 c5+ 44. bxc5 bxc5+ 45. Kxc5 Rc3+ 46. Kd4 Rxc2 47. Ne4 Rc4+ 48. Ke3 Bd1 1/2-1/2

[Event "TCh-ESP Div Honor 2016"]
[White "Adhiban, Baskaran"]
[Black "Van Wely, Loek"]
[Site "Monzon ESP"]
[Result "0-1"]
[Date "2016.09.29"]
[WhiteElo "2671"]
[BlackElo "2674"]
[PlyCount "116"]

1. e4 c5 2. Nc3 e6 3. Nge2 a6 4. d4 cxd4 5. Nxd4 Qc7 6. Be2 Nf6 7. 0-0 d6 8. a4 b6 9. f4 Bb7 10. Bf3 Nc6 11. Kh1 Be7 12. e5 dxe5 13. fxe5 Nxe5 14. Bf4 Bxf3 15. Nxf3 Bd6 16. Re1 Nc4 17. Bg5 Be7 18. Bxf6 gxf6 19. Nd4 Rd8 20. Nxe6 fxe6 21. Qh5+ Kd7 22. Qf7 Ne5 23. Rad1+ Kc8 24. Qxe6+ Kb7 25. Nd5 Rxd5 26. Rxd5 Rd8 27. Red1 Rxd5 28. Rxd5 Bc5 29. h3 Qc6 30. Qg8 Qxa4 31. Qxh7+ Kc6 32. Rd1 Qf4 33. Qg8 a5 34. c3 a4 35. Qc8+ Kb5 36. Qe8+ Nc6 37. Qe2+ Qc4 38. Qf3 Qb3 39. Rd2 Qe6 40. Rd1 Ne5 41. Qf1+ Nc4 42. Rb1 Kc6 43. Re1 Be3 44. Qf3+ Kc5 45. h4 f5 46. h5 f4 47. Re2 Qf5 48. Re1 Ne5 49. Qh3 Qxh3+ 50. gxh3 Nf7 51. Kg2 Kc4 52. Rd1 Kb3 53. Rd7 f3+ 54. Kg3 Ne5 55. Re7 f2 56. Kg2 Nc4 57. Rf7 Kxb2 58. Rf3 a3 0-1

[Event "TCh-ESP Div Honor 2016"]
[White "Naiditsch, Arkadij"]
[Black "Ganguly, Surya Shekhar"]
[Site "Monzon ESP"]
[Result "1/2-1/2"]
[Date "2016.09.29"]
[WhiteElo "2696"]
[BlackElo "2672"]
[PlyCount "116"]

1. e4 e5 2. Nf3 Nc6 3. Bb5 Nf6 4. Nc3 Nd4 5. 0-0 Nxb5 6. Nxb5 c6 7. Nc3 d6 8. d4 Qc7 9. a4 Be7 10. h3 0-0 11. Re1 Re8 12. Bg5 h6 13. Bh4 Nh5 14. Bxe7 Qxe7 15. Re3 Qf6 16. a5 Nf4 17. Kh2 Be6 18. Qd2 Rad8 19. Ne2 g5 20. Nxf4 exf4 21. Ree1 h5 22. d5 Bd7 23. Qd4 Qxd4 24. Nxd4 c5 25. Nf3 f6 26. h4 Bg4 27. Nd2 Kf7 28. hxg5 fxg5 29. Nc4 Kf6 30. f3 Bc8 31. Ra3 g4 32. g3 Kg5 33. fxg4 hxg4 34. gxf4+ Kxf4 35. Rae3 Rh8+ 36. Kg2 Rh3 37. Rf1+ Rf3 38. Rfxf3+ gxf3+ 39. Rxf3+ Kxe4 40. Rd3 Rg8+ 41. Kf2 Rg6 42. Nd2+ Kf4 43. Re3 Rg2+ 44. Kxg2 Kxe3 45. Nc4+ Kd4 46. Nxd6 Bd7 47. c4 b6 48. axb6 axb6 49. Kf3 b5 50. b3 bxc4 51. bxc4 Ke5 52. Nb7 Kd4 53. Na5 Be8 54. Kf4 Bf7 55. d6 Be6 56. Kg5 Ke5 57. Nb7 Bc8 58. Nxc5 Kxd6 1/2-1/2

[Event "TCh-ESP Div Honor 2016"]
[White "Delchev, Aleksander"]
[Black "Gonzalez De La Torre, Santiago"]
[Site "Monzon ESP"]
[Result "1/2-1/2"]
[Date "2016.09.29"]
[WhiteElo "2591"]
[BlackElo "2459"]
[PlyCount "211"]

1. d4 d5 2. Bf4 c5 3. e3 Nc6 4. c3 cxd4 5. cxd4 Nf6 6. Nc3 Bf5 7. Qb3 Na5 8. Qa4+ Bd7 9. Qc2 Rc8 10. Bd3 b5 11. a3 e6 12. Nf3 Be7 13. h3 Nc4 14. 0-0 a5 15. Qe2 0-0 16. Ne5 Be8 17. Rfc1 Nd7 18. Nxd7 Bxd7 19. e4 dxe4 20. Bxe4 Bg5 21. Bxg5 Qxg5 22. Rd1 Rfd8 23. Rd3 b4 24. axb4 axb4 25. Nd1 Nd6 26. Rg3 Qf4 27. Bd3 Qxd4 28. Ne3 Ne4 29. Bxe4 Qxe4 30. Rg4 Qb7 31. Nc4 Qc7 32. Ne5 b3 33. Rc4 Qb8 34. Nxd7 Rxd7 35. Rxc8+ Qxc8 36. Qc4 Qb8 37. Qxb3 Rb7 38. Qf3 Rxb2 39. g3 Rb1+ 40. Rxb1 Qxb1+ 41. Kh2 g5 42. h4 gxh4 43. Qg4+ Qg6 44. Qxh4 h5 45. Qd4 Qf5 46. Kg1 Kh7 47. Qd8 Kg7 48. Qd4+ Qf6 49. Qb4 Qg5 50. Kh2 e5 51. Qe4 Kh6 52. Qc6+ Qg6 53. Qe8 Qf6 54. Kg2 Kg7 55. Kg1 Qg5 56. Kf1 Qf5 57. Kg1 e4 58. Qd8 Qe5 59. Kg2 e3 60. fxe3 Qxe3 61. Qd6 Qe4+ 62. Kh2 h4 63. gxh4 Qxh4+ 64. Kg2 Qf6 65. Qb8 Kh6 66. Kg3 Kg5 67. Qc7 Kg6 68. Qb8 Qc3+ 69. Kf4 Qc4+ 70. Kg3 Kf5 71. Qb1+ Kg5 72. Qa1 Qf4+ 73. Kg2 Qe4+ 74. Kg3 Qe3+ 75. Kg2 Qd2+ 76. Kg3 Qd6+ 77. Kf3 Qc6+ 78. Kg3 Qc7+ 79. Kf3 Qb7+ 80. Kg3 Qb8+ 81. Kf3 Qb7+ 82. Kg3 Qb3+ 83. Kf2 Kf5 84. Qd4 Qc2+ 85. Kf3 Qc6+ 86. Kf2 Qf6 87. Qb4 Qe5 88. Qb3 Qf4+ 89. Kg2 Qd2+ 90. Kf3 Qf4+ 91. Kg2 Kg4 92. Qd1+ Kh4 93. Qe1+ Kh5 94. Qe8 Qd2+ 95. Kg3 Qd6+ 96. Kf3 Qf6+ 97. Kg3 Qh4+ 98. Kf3 Qf6+ 99. Kg3 Qg6+ 100. Kf3 Qf5+ 101. Kg3 Qg4+ 102. Kf2 Qd4+ 103. Kf3 Kg6 104. Qg8+ Qg7 105. Qxg7+ Kxg7 106. Ke4 1/2-1/2

[Event "TCh-ESP Div Honor 2016"]
[White "Franco Alonso, Alejandro"]
[Black "Magem Badals, Jordi"]
[Site "Monzon ESP"]
[Result "1-0"]
[Date "2016.09.29"]
[WhiteElo "2426"]
[BlackElo "2543"]
[PlyCount "121"]

1. Nf3 d5 2. c4 d4 3. g3 g6 4. Bg2 Bg7 5. 0-0 e5 6. d3 Ne7 7. b4 0-0 8. a4 Nd7 9. Nbd2 Rb8 10. a5 b6 11. b5 Bb7 12. axb6 axb6 13. Ra7 c5 14. Nxe5 Bxg2 15. Rxd7 Bxf1 16. Rxd8 Rbxd8 17. Nxf7 Rxf7 18. Qxf1 Ra8 19. Qg2 Ra2 20. Qb7 Bh6 21. Ne4 Bxc1 22. Nd6 Rxe2 23. Nxf7 Re1+ 24. Kg2 Kxf7 25. Qxb6 Re2 26. Kf1 Rd2 27. Qxc5 Rxd3 28. b6 Rd1+ 29. Ke2 Rd2+ 30. Ke1 d3 31. b7 Rb2 32. Qc7 Bd2+ 33. Kf1 Be3 34. fxe3 Rb1+ 35. Kf2 d2 36. Qd7 d1=Q 37. Qxd1 Rxd1 38. b8=Q Rd2+ 39. Kg1 Rd1+ 40. Kg2 Rd2+ 41. Kh3 h5 42. Qf4+ Ke6 43. g4 hxg4+ 44. Qxg4+ Kf7 45. Qf4+ Ke6 46. Kg4 Rg2+ 47. Kf3 Rd2 48. c5 Rd5 49. Qc4 Kd7 50. e4 Rd2 51. Qa6 Ke8 52. h4 Rh2 53. Kg3 Rh1 54. Qd6 Re1 55. Kf4 Rh1 56. Kg5 Re1 57. Qe6 Rf1 58. Kh6 Rc1 59. Qd6 Rc4 60. Kg7 Rxe4 61. Qb8+ 1-0

[Event "TCh-ESP Div Honor 2016"]
[White "Cacho Reigadas, Sergio"]
[Black "Etchegaray, Patrice"]
[Site "Monzon ESP"]
[Result "0-1"]
[Date "2016.09.29"]
[WhiteElo "2520"]
[BlackElo "2366"]
[PlyCount "52"]

1. Nf3 d5 2. g3 Nf6 3. Bg2 c5 4. c4 e6 5. 0-0 Nc6 6. d3 Be7 7. Nc3 0-0 8. Bf4 d4 9. Na4 Nd7 10. e4 e5 11. Bd2 a6 12. b3 b5 13. Nb2 Nb6 14. Ne1 bxc4 15. dxc4 a5 16. a4 Nd7 17. Nbd3 Nb4 18. f4 Bd6 19. Bh3 Qe7 20. Nxb4 axb4 21. Bxd7 Bxd7 22. f5 f6 23. g4 Bc6 24. g5 Bxe4 25. Qg4 Bb7 26. gxf6 Qxf6 0-1

[Event "TCh-ESP Div Honor 2016"]
[White "Buiza Prieto, Eihartze"]
[Black "Matnadze, Ana"]
[Site "Monzon ESP"]
[Result "0-1"]
[Date "2016.09.29"]
[WhiteElo "2093"]
[BlackElo "2383"]
[PlyCount "92"]

1. e4 c5 2. Nf3 d6 3. d4 cxd4 4. Nxd4 Nf6 5. Nc3 Nc6 6. Bg5 e6 7. Qd2 Qb6 8. 0-0-0 a6 9. f3 Qxd4 10. Qxd4 Nxd4 11. Rxd4 Be7 12. Na4 Nd7 13. Bxe7 Kxe7 14. Be2 b5 15. Nc3 Ne5 16. Rhd1 Rd8 17. a3 g5 18. Kb1 Bb7 19. g3 Rac8 20. h4 gxh4 21. gxh4 Rc5 22. Rg1 Rdc8 23. Rg7 Ng6 24. Bd1 Rh5 25. a4 Kf6 26. Rxg6+ hxg6 27. axb5 axb5 28. f4 Rxh4 29. Nxb5 Rxf4 30. Nxd6 Ke5 31. c3 Rc7 32. Nc4+ Kf6 33. Bc2 e5 34. Rd6+ Ke7 35. Rb6 Rxe4 36. b3 Re1+ 37. Kb2 Bd5 38. Na3 Rb7 39. Ra6 g5 40. c4 Bf3 41. c5 g4 42. Nc4 g3 43. Nd6 g2 44. Nf5+ Kd8 45. Ra8+ Kc7 46. Nd6 Rxb3+ 0-1

[Event "TCh-ESP Div Honor 2016"]
[White "Anton Guijarro, David"]
[Black "Cheparinov, Ivan"]
[Site "Monzon ESP"]
[Result "1/2-1/2"]
[Date "2016.09.29"]
[WhiteElo "2630"]
[BlackElo "2677"]
[PlyCount "116"]

1. d4 Nf6 2. c4 e6 3. Nf3 d5 4. Nc3 Bb4 5. cxd5 exd5 6. Bg5 h6 7. Bh4 Bf5 8. e3 Nbd7 9. Bd3 Bxd3 10. Qxd3 c6 11. 0-0 Be7 12. Rab1 a5 13. a3 0-0 14. b4 axb4 15. axb4 Ra3 16. Qc2 Re8 17. Rfc1 Nb6 18. b5 Nc4 19. bxc6 bxc6 20. Nd2 Nxd2 21. Qxd2 Qa5 22. Bxf6 Bxf6 23. Rb2 h5 24. Nb1 Qxd2 25. Rxd2 Ra1 26. Rdd1 Rb8 27. Nc3 Rxc1 28. Rxc1 Be7 29. Kf1 Rb6 30. g3 g6 31. h4 Bd6 32. Kg2 Kf8 33. Ra1 Rb3 34. Ne2 Rb2 35. Kf3 Rb7 36. Ra6 Rc7 37. Nc1 Ke7 38. Nd3 Kd7 39. g4 hxg4+ 40. Kxg4 Rb7 41. Kg5 Rb3 42. Nc5+ Bxc5 43. dxc5 Rc3 44. Kf6 Rxc5 45. Ra7+ Kd6 46. Rxf7 d4 47. exd4 Rh5 48. Kxg6 Rxh4 49. f4 Kd5 50. f5 Kxd4 51. f6 Rf4 52. Rh7 c5 53. f7 Rxf7 54. Kxf7 c4 55. Ke6 c3 56. Rh2 Kd3 57. Kd5 c2 58. Rxc2 Kxc2 1/2-1/2

[Event "TCh-ESP Div Honor 2016"]
[White "Oparin, Grigoriy"]
[Black "Sevian, Samuel"]
[Site "Monzon ESP"]
[Result "1/2-1/2"]
[Date "2016.09.29"]
[WhiteElo "2626"]
[BlackElo "2591"]
[PlyCount "61"]

1. e4 e5 2. Nf3 Nc6 3. Bb5 a6 4. Ba4 Nf6 5. 0-0 Be7 6. Re1 b5 7. Bb3 d6 8. c3 0-0 9. h3 Na5 10. Bc2 c5 11. d4 Qc7 12. Nbd2 cxd4 13. cxd4 Be6 14. Nf1 Rac8 15. Bd3 exd4 16. Nxd4 Nc6 17. Be3 Nxd4 18. Bxd4 Nd7 19. Ng3 Bf6 20. Bxf6 Nxf6 21. a4 Qb6 22. Qe2 Rfd8 23. axb5 axb5 24. Bxb5 Rb8 25. Bc4 Qxb2 26. Bxe6 fxe6 27. e5 Qxe2 28. Rxe2 dxe5 29. Rxe5 Rb6 30. Rae1 Kf7 31. Ne4 1/2-1/2

[Event "TCh-ESP Div Honor 2016"]
[White "Cuenca Jimenez, Jose Fernando"]
[Black "Antipov, Mikhail Al."]
[Site "Monzon ESP"]
[Result "0-1"]
[Date "2016.09.29"]
[WhiteElo "2529"]
[BlackElo "2550"]
[PlyCount "70"]

1. e4 c5 2. Nf3 Nc6 3. d4 cxd4 4. Nxd4 e6 5. Nc3 Qc7 6. Be3 a6 7. Bd3 Bd6 8. Qg4 Be5 9. Nxc6 Qxc6 10. 0-0 h5 11. Qg5 Bf6 12. Qf4 d6 13. a4 Bd7 14. Rfd1 Ne7 15. Bf1 e5 16. Qg3 Be6 17. Bg5 h4 18. Qe3 Rd8 19. Ra3 Bxg5 20. Qxg5 Qb6 21. Nd5 Bxd5 22. exd5 Kf8 23. Rb3 Qc7 24. Qe3 g6 25. Rdd3 Kg7 26. Qa7 Rb8 27. Rdc3 Qd7 28. Bxa6 Nxd5 29. Rc4 h3 30. Rxb7 Qf5 31. Rc3 Nxc3 32. Rxb8 Qg5 33. Bf1 Ne2+ 34. Kh1 hxg2+ 35. Bxg2 Qc1+ 0-1

[Event "TCh-ESP Div Honor 2016"]
[White "Svetushkin, Dmitry"]
[Black "Rubio Mejia, Luis Ignacio"]
[Site "Monzon ESP"]
[Result "1-0"]
[Date "2016.09.29"]
[WhiteElo "2543"]
[BlackElo "2447"]
[PlyCount "73"]

1. e4 c5 2. Nf3 d6 3. Bb5+ Bd7 4. Bxd7+ Qxd7 5. c4 Nf6 6. Nc3 g6 7. d4 cxd4 8. Nxd4 Bg7 9. h3 0-0 10. Be3 Rc8 11. b3 Nc6 12. 0-0 a6 13. a4 e6 14. Rc1 d5 15. Nxc6 bxc6 16. e5 Ne8 17. f4 f6 18. a5 Rd8 19. Na4 Qf7 20. Bb6 Rdb8 21. Qe2 Bf8 22. Rc2 Rb7 23. cxd5 cxd5 24. Rc6 Ng7 25. g4 fxe5 26. fxe5 Qd7 27. Rfc1 Ne8 28. Bd4 Qf7 29. Nb6 Rab8 30. Rf1 Qe7 31. Bc5 Qxc5+ 32. Rxc5 Bxc5+ 33. Kh1 Bxb6 34. axb6 Ng7 35. Qf2 h6 36. Qc2 Kh7 37. Rf6 1-0

[Event "TCh-ESP Div Honor 2016"]
[White "Espinosa Aranda, Angel"]
[Black "Perez Candelario, Manuel"]
[Site "Monzon ESP"]
[Result "1/2-1/2"]
[Date "2016.09.29"]
[WhiteElo "2438"]
[BlackElo "2574"]
[PlyCount "61"]

1. e4 c5 2. Nc3 Nc6 3. g3 g6 4. Bg2 Bg7 5. d3 d6 6. Be3 Nf6 7. h3 0-0 8. Nge2 Rb8 9. d4 cxd4 10. Nxd4 Nd7 11. 0-0 Nde5 12. b3 Qa5 13. Nce2 Nxd4 14. Nxd4 Bd7 15. c4 a6 16. a4 Rfc8 17. Qe2 Nc6 18. Rad1 Qb4 19. Qa2 Nxd4 20. Bxd4 Bxd4 21. Rxd4 Be6 22. Rfd1 f6 23. Kh2 Rc5 24. h4 Bf7 25. Bh3 Kg7 26. Bg4 h6 27. Kg2 Rc6 28. Bd7 Rc7 29. Bg4 Rc6 30. Bd7 Rc7 31. Bg4 1/2-1/2

[Event "TCh-ESP Div Honor 2016"]
[White "Moreno Tejera, Emilio"]
[Black "Almagro Llamas, Pablo"]
[Site "Monzon ESP"]
[Result "1/2-1/2"]
[Date "2016.09.29"]
[WhiteElo "2444"]
[BlackElo "2436"]
[PlyCount "88"]

1. e4 c5 2. Nf3 d6 3. d4 cxd4 4. Nxd4 Nf6 5. Nc3 a6 6. Be2 e6 7. 0-0 Be7 8. a4 0-0 9. f4 Nc6 10. Be3 Qc7 11. Bf3 Nxd4 12. Qxd4 e5 13. Qd2 exf4 14. Bxf4 Be6 15. Kh1 Rac8 16. Qf2 Nd7 17. Qg3 Ne5 18. Bxe5 dxe5 19. Bg4 Rcd8 20. Bxe6 fxe6 21. Rxf8+ Rxf8 22. Qd3 Qb6 23. h3 h6 24. b3 Kh7 25. Rf1 Rxf1+ 26. Qxf1 Qe3 27. Qf3 Qd2 28. Qd3 Qe1+ 29. Kh2 Bc5 30. Ne2 a5 31. Qc4 b6 32. Qd3 Kg8 33. Qd8+ Kh7 34. Qd3 Bf2 35. Qf3 Kg8 36. Qd3 h5 37. g3 Bc5 38. Qf3 g6 39. h4 Qd1 40. g4 hxg4 41. Qxg4 Kf8 42. c3 Ke7 43. Kh3 Qh1+ 44. Kg3 Qe1+ 1/2-1/2

[Event "TCh-ESP Div Honor 2016"]
[White "Garcia Martin, Marta"]
[Black "Hernandez Estevez, Yudania"]
[Site "Monzon ESP"]
[Result "0-1"]
[Date "2016.09.29"]
[WhiteElo "2218"]
[BlackElo "2224"]
[PlyCount "86"]

1. e4 c6 2. d4 d5 3. e5 Bf5 4. Nf3 e6 5. Be2 Nd7 6. 0-0 Ne7 7. Nbd2 h6 8. Nb3 Bh7 9. a4 Nf5 10. Bd3 Bg6 11. Bd2 a6 12. g4 Nh4 13. Bxg6 Nxg6 14. Na5 Qc7 15. b4 h5 16. g5 Ne7 17. Nh4 g6 18. Nb3 Nf5 19. Nxf5 gxf5 20. h4 Be7 21. Kg2 Nf8 22. Qe2 Ng6 23. Kg3 b6 24. c4 dxc4 25. Qxc4 0-0 26. Rfc1 Rac8 27. Qxa6 Qd7 28. Qe2 Rfd8 29. Qxh5 c5 30. Qe2 Qd5 31. Qc4 Qe4 32. dxc5 Rd3+ 33. Kh2 Qf3 34. Be3 Nxe5 35. Qf4 Qd5 36. Nd4 bxc5 37. bxc5 Ng6 38. Qf3 Qxd4 39. Bxd4 Rxf3 40. c6 Bd6+ 41. Kg1 Rd3 42. Bb6 Nf4 43. Kf1 Rh3 0-1

[Event "TCh-ESP Div Honor 2016"]
[White "Piorun, Kacper"]
[Black "Inarkiev, Ernesto"]
[Site "Monzon ESP"]
[Result "1-0"]
[Date "2016.09.29"]
[WhiteElo "2681"]
[BlackElo "2732"]
[PlyCount "111"]

1. e4 e5 2. Nf3 Nc6 3. Bc4 Nf6 4. Ng5 d5 5. exd5 Na5 6. Bb5+ c6 7. dxc6 bxc6 8. Be2 h6 9. Nh3 g5 10. d3 Bg7 11. Ng1 0-0 12. Nc3 Nd5 13. h4 f5 14. hxg5 hxg5 15. Bh5 Qf6 16. Nxd5 cxd5 17. Qd2 Nc6 18. Qxg5 Qxg5 19. Bxg5 Rb8 20. 0-0-0 e4 21. d4 Nxd4 22. c3 Nc6 23. Rxd5 Be6 24. Rd6 Ne5 25. Be2 Bxa2 26. Bh6 Rb6 27. Bxg7 Kxg7 28. Rhh6 f4 29. Nh3 f3 30. gxf3 exf3 31. Bf1 Rxd6 32. Rxd6 Bb3 33. Rd4 a5 34. Kd2 Rh8 35. Ke3 Kf6 36. Rf4+ Kg6 37. Kd4 Re8 38. Ng1 Kg5 39. Bb5 Rb8 40. Nh3+ Kg6 41. c4 Nf7 42. Rxf3 a4 43. Nf4+ Kh7 44. Rh3+ Kg8 45. Rg3+ Kh7 46. Rh3+ Kg8 47. Bc6 Nd6 48. Bd5+ Kg7 49. Rg3+ Kh7 50. Kc5 Nxc4 51. Be4+ Kh8 52. Ng6+ Kg7 53. Ne5+ Kh6 54. Rg6+ Kh5 55. Bf3+ Kh4 56. Rg4+ 1-0

[Event "TCh-ESP Div Honor 2016"]
[White "Kryvoruchko, Yuriy"]
[Black "Iturrizaga Bonelli, Eduardo"]
[Site "Monzon ESP"]
[Result "1-0"]
[Date "2016.09.29"]
[WhiteElo "2693"]
[BlackElo "2650"]
[PlyCount "69"]

1. e4 c5 2. Nf3 Nc6 3. d4 cxd4 4. Nxd4 e5 5. Nb5 d6 6. N1c3 a6 7. Na3 Nf6 8. Bg5 Be6 9. Nc4 Rb8 10. Nd5 Bxd5 11. exd5 Ne7 12. Bxf6 gxf6 13. a4 f5 14. a5 Bg7 15. g4 f4 16. Bg2 Rc8 17. Qd3 Rc5 18. Be4 Qc7 19. b3 h6 20. Kd2 0-0 21. h4 Nc6 22. g5 h5 23. Qf3 Nxa5 24. Nxa5 Rxa5 25. Qxh5 Rc8 26. Ke2 Kf8 27. Rxa5 Qxa5 28. Kf3 Rc3+ 29. Kg2 Qb4 30. Qh7 Qd4 31. Qf5 Qd2 32. Rh3 Kg8 33. Rxc3 Qxc3 34. h5 f3+ 35. Bxf3 1-0

[Event "TCh-ESP Div Honor 2016"]
[White "Quesada Perez, Yuniesky"]
[Black "Saric, Ivan"]
[Site "Monzon ESP"]
[Result "1/2-1/2"]
[Date "2016.09.29"]
[WhiteElo "2636"]
[BlackElo "2668"]
[PlyCount "107"]

1. e4 c5 2. Nf3 d6 3. d4 cxd4 4. Nxd4 Nf6 5. Nc3 a6 6. g3 Nc6 7. Bg2 Bd7 8. 0-0 e6 9. a4 Be7 10. Be3 0-0 11. Qe2 Rc8 12. Rfd1 Qc7 13. Nxc6 Bxc6 14. a5 Nd7 15. f4 Bf6 16. Qd2 Bxc3 17. Qxc3 Rfe8 18. Qb4 d5 19. e5 Bb5 20. c3 Nc5 21. Rab1 Be2 22. Rd2 Bd3 23. Ra1 Bc4 24. Ra3 Bb5 25. Bd4 h6 26. Bf3 Qe7 27. Ra1 Bc4 28. Bd1 g6 29. Bc2 Nb3 30. Qxe7 Rxe7 31. Bxb3 Bxb3 32. g4 Ree8 33. Kf2 Kf8 34. Ke3 Ke7 35. Rf2 Rg8 36. f5 gxf5 37. gxf5 exf5 38. Rxf5 Bc4 39. b3 Bb5 40. Ra2 Bd7 41. Rf6 Rc6 42. Raf2 Rxf6 43. Bc5+ Ke8 44. Rxf6 Rg6 45. Rd6 Rxd6 46. exd6 Be6 47. Kf4 Kd7 48. Ke5 d4 49. c4 d3 50. Be3 h5 51. Bf4 h4 52. Ke4 d2 53. Bxd2 Kxd6 54. Kd4 1/2-1/2

[Event "TCh-ESP Div Honor 2016"]
[White "Laznicka, Viktor"]
[Black "Castellanos Rodriguez, Renier"]
[Site "Monzon ESP"]
[Result "1-0"]
[Date "2016.09.29"]
[WhiteElo "2651"]
[BlackElo "2495"]
[PlyCount "85"]

1. d4 Nf6 2. c4 e6 3. Nf3 Bb4+ 4. Bd2 c5 5. Bxb4 cxb4 6. a3 bxa3 7. Nxa3 0-0 8. e3 d6 9. b4 b6 10. Be2 Bb7 11. 0-0 a6 12. Qb3 Nbd7 13. Rfc1 Qc7 14. Nd2 Rfc8 15. Qb2 h6 16. Nb3 Rab8 17. Nb1 Qd8 18. Nc3 Rc7 19. Qa3 Qf8 20. b5 a5 21. Na4 Rcc8 22. f3 Ra8 23. e4 e5 24. dxe5 dxe5 25. Qxf8+ Kxf8 26. c5 bxc5 27. Naxc5 Nxc5 28. Nxc5 Rcb8 29. Na6 Bxa6 30. bxa6 Ra7 31. Rxa5 Nd7 32. Rb5 Ke7 33. Rxb8 Nxb8 34. Bb5 Kd8 35. Kf2 Ra8 36. Ra1 Ra7 37. Kg3 Kc7 38. Kg4 Kb6 39. Bc4 Kc5 40. Bf1 g6 41. Ra5+ Kd6 42. Rd5+ Ke6 43. Rb5 1-0

[Event "TCh-ESP Div Honor 2016"]
[White "Santos Ruiz, Miguel"]
[Black "Fedorchuk, Sergey A."]
[Site "Monzon ESP"]
[Result "1/2-1/2"]
[Date "2016.09.29"]
[WhiteElo "2472"]
[BlackElo "2623"]
[PlyCount "70"]

1. e4 c5 2. Nf3 d6 3. d4 cxd4 4. Nxd4 Nf6 5. Nc3 a6 6. a4 Nc6 7. a5 e6 8. Nxc6 bxc6 9. Be3 d5 10. Bb6 Qd6 11. Bd3 Be7 12. 0-0 Nd7 13. Na4 Bb7 14. c4 0-0 15. Qc2 dxc4 16. Bxc4 c5 17. Bd3 Qc6 18. Rac1 Rac8 19. b3 Bg5 20. f4 Bd8 21. Bxc5 Nxc5 22. Nxc5 Bxa5 23. Nxb7 Qxb7 24. Bc4 Rcd8 25. Rcd1 Bc7 26. g3 g6 27. Kg2 a5 28. Kf3 Qc6 29. Bd3 Qb6 30. Bc4 Bb8 31. Rxd8 Rxd8 32. Rd1 Rxd1 33. Qxd1 Ba7 34. Kg2 Qe3 35. Qe2 Qxe2+ 1/2-1/2

[Event "TCh-ESP Div Honor 2016"]
[White "Sgircea, Silvia-Raluca"]
[Black "Calzetta Ruiz, Monica"]
[Site "Monzon ESP"]
[Result "1/2-1/2"]
[Date "2016.09.29"]
[WhiteElo "2286"]
[BlackElo "2249"]
[PlyCount "73"]

1. d4 Nf6 2. Bf4 g6 3. e3 Bg7 4. Nf3 d6 5. h3 0-0 6. Be2 c5 7. c3 Qb6 8. Qb3 Be6 9. Qxb6 axb6 10. a3 Bd5 11. Nbd2 Bc6 12. 0-0 Nbd7 13. Bh2 b5 14. dxc5 dxc5 15. Rfd1 Nb6 16. Ne5 Na4 17. Rab1 Rfd8 18. c4 Ne4 19. Nxc6 Rxd2 20. Nxe7+ Kf8 21. Rxd2 Nxd2 22. Rd1 Nxc4 23. Rd7 Naxb2 24. Nd5 b4 25. axb4 cxb4 26. Nxb4 Ra1+ 27. Bf1 Bc3 28. Nd5 Nd1 29. Rxb7 Nd2 30. Rb8+ Kg7 31. Nxc3 Nxc3 32. Be5+ Kh6 33. Bxc3 Rxf1+ 34. Kh2 Rxf2 35. Bxd2 Rxd2 36. Rb3 Kg7 37. Kg3 1/2-1/2

[Event "TCh-ESP Div Honor 2016"]
[White "Almagro Llamas, Pablo"]
[Black "De La Villa Garcia, Jesus Maria"]
[Site "Monzon"]
[Result "1-0"]
[Date "2016.09.30"]
[WhiteElo "2436"]
[BlackElo "2473"]
[PlyCount "73"]
[TimeControl "60"]

1. d4 Nf6 2. c4 e6 3. Nf3 d5 4. Nc3 dxc4 5. e3 a6 6. Bxc4 b5 7. Bb3 Bb7 8. 0-0 c5 9. Qe2 Nbd7 10. Rd1 Qc7 11. d5 exd5 12. Nxd5 Nxd5 13. Bxd5 Bxd5 14. Rxd5 Be7 15. b3 0-0 16. Bb2 Rfd8 17. Rc1 Nf8 18. Rf5 f6 19. e4 Ng6 20. g3 Qd7 21. h4 Qd3 22. Qe1 Nf8 23. Kg2 Ne6 24. h5 Ra7 25. h6 g6 26. Rxf6 Bxf6 27. Bxf6 Rf8 28. Rd1 Qxd1 29. Qxd1 Rxf6 30. Ne5 Re7 31. Qd5 Rf8 32. Nc6 Ree8 33. Qd7 c4 34. bxc4 bxc4 35. Ne7+ Kf7 36. Nd5+ Kg8 37. e5 1-0

[Event "TCh-ESP Div Honor 2016"]
[White "Argandona Riveiro, Inigo"]
[Black "Vallejo Pons, Francisco"]
[Site "Monzon"]
[Result "0-1"]
[Date "2016.09.30"]
[WhiteElo "2453"]
[BlackElo "2716"]
[PlyCount "74"]
[TimeControl "60"]

1. Nf3 g6 2. c4 f5 3. g3 Bg7 4. d4 b6 5. Bg2 Bb7 6. 0-0 Nf6 7. a4 a5 8. Nc3 Na6 9. Bf4 0-0 10. Qb3 e6 11. Nb5 Rb8 12. Rfd1 h6 13. h4 d6 14. Qe3 Kh7 15. Rac1 Ne4 16. Nc3 Qe8 17. Qd3 e5 18. dxe5 dxe5 19. Be3 Nxc3 20. Qxc3 e4 21. Bd4 exf3 22. Bxg7 Rf7 23. Bxh6 fxe2 24. Rd4 Bxg2 25. Kxg2 Kxh6 26. Qd2+ Kg7 27. h5 Qc6+ 28. f3 gxh5 29. Rh1 Re8 30. Rdh4 Qd6 31. Qe1 Qb4 32. Qc1 e1=Q 33. Qg5+ Kf8 34. Qh6+ Rg7 35. Qh8+ Kf7 36. Qxh5+ Kf6 37. Rxe1 Qxe1 0-1